000
00302nam a22001337a 4500
008
170320b xxu||||| |||| 00| 0 eng d
020
_a
0721664636
041
_a
eng
080
_2
2ND
_a
616.8
100
_a
7
101
_a
SHM
245
_a
CLINICAL PEDIATRIC NEUROLOGY
_c
FENICHEL. G.M
942
_2
udc
_c
BK
999
_c
8105
_d
8105